000 01093cam a22003137a 4500
003 CHAP
005 20220329141635.0
008 971013s1983 r 00010 d
010 _a71499
011 _a72471
035 _a82026
040 _cCHAP
090 _aTesis
100 0 0 _aDávila Ledesma, Eleuterio.
_933116
245 0 _aAnálisis del sistema alimentario mexicano y su relación técnico-económica con el médico veterinario zootecnista en la producción pecuaria
260 _aMéxico, D.F. :
_bEl autor,
_c1983
300 _a62 p.
_b: ilus.
502 _aTesis (Médico Veterinario Zootecnista) -- UNAM. Fac. de Medicina Veterinaria y Zootecnista
590 _aALEPH
_b10
_c20130110
_lUCH01
_h1411
590 _aBATCH-UPD
_b10
_c20130110
_lUCH01
_h0654
590 _aBATCH-UPD
_b10
_c20130410
_lUCH01
_h0339
590 _aBATCH-UPD
_b10
_c20130914
_lUCH01
_h1211
590 _aCONVERSION
_b10
_c20130109
_lUCH01
_h1339
650 1 4 _aPolítica ganadera.
_990617
650 1 4 _aVeterinarios.
_9119013
901 _aBK
942 _cTESIS
949 _bBC
_cTES
_d-35832
_eTS1
_i82026
_si
999 _c71499
_d71499